Orientations devant guider la mise en oeuvre de la Convention du patrimoine mondial (Record no. 213415)
[ view plain ]
| 000 -CABECERA | |
|---|---|
| campo de control de longitud fija | 00778nam a22002177a 4500 |
| 003 - IDENTIFICADOR DEL NÚMERO DE CONTROL | |
| campo de control | MX-MxUPN |
| 005 - FECHA Y HORA DE LA ÚLTIMA TRANSACCIÓN | |
| campo de control | 20260108063959.0 |
| 008 - ELEMENTOS DE LONGITUD FIJA--INFORMACIÓN GENERAL | |
| campo de control de longitud fija | 250604s2002 fr| |||fr|||| 000 0 fre d |
| 040 ## - FUENTE DE LA CATALOGACIÓN | |
| Centro catalogador/agencia de origen | MX-MxUPN |
| Lengua de catalogación | spa |
| Centro/agencia transcriptor | MX-MxUPN |
| 041 0# - CÓDIGO DE IDIOMA | |
| Código de lengua del texto/banda sonora o título independiente | fre |
| 050 #4 - SIGNATURA TOPOGRÁFICA DE LA BIBLIOTECA DEL CONGRESO | |
| Número de clasificación | CC135 |
| Número de documento/Ítem | C65 2002 |
| 110 2# - ASIENTO PRINCIPAL--NOMBRE CORPORATIVO | |
| Nombre de entidad corporativa o nombre de jurisdicción como elemento de entrada | Comité intergubernamental de protección del patrimonio mundial cultural y natural |
| 9 (RLIN) | 56805 |
| 245 10 - MENCIÓN DE TÍTULO | |
| Título | Orientations devant guider la mise en oeuvre de la Convention du patrimoine mondial |
| 250 ## - MENCIÓN DE EDICIÓN | |
| Mención de edición | Premiére impression |
| 260 ## - PUBLICACIÓN, DISTRIBUCIÓN, ETC. | |
| Lugar de publicación, distribución, etc. | Paris, France : |
| Nombre del editor, distribuidor, etc. | Unesco, Centre du patrimoine mondial, |
| Fecha de publicación, distribución, etc. | 2002 |
| 300 ## - DESCRIPCIÓN FÍSICA | |
| Extensión | 42, 7 páginas |
| 490 0# - MENCIÓN DE SERIE | |
| Mención de serie | WHC.02/2 |
| 650 #4 - ASIENTO SECUNDARIO DE MATERIA - TERMINO TEMATICO | |
| Término de materia o nombre geográfico como elemento de entrada | Protección del patrimonio cultural |
| Subdivisión general | Leyes y legislación |
| 9 (RLIN) | 51942 |
| 902 ## - ELEMENTOS DE DATOS B LOCAL, LDB (RLIN) | |
| Modificó | VíctorGodínez/040625 |
| 942 ## - ELEMENTOS DE PUNTO DE ACCESO ADICIONAL (KOHA) | |
| Fuente del sistema de clasificación o colocación | Library of Congress Classification |
| Tipo de ítem Koha | Folleto |
| Estado de retiro | Estado de pérdida | Fuente del sistema de clasificación o colocación | Estado dañado | No para préstamo | Código de colección | Localización permanente | Ubicación/localización actual | Ubicación en estantería | Fecha de adquisición | Total de préstamos | Clasificación | Código de barras | Fecha visto por última vez | Precio válido a partir de | Tipo de ítem Koha |
|---|---|---|---|---|---|---|---|---|---|---|---|---|---|---|---|
| Library of Congress Classification | Disponible (Préstamo en sala) | UNESCO | Bib. Gregorio Torres Quintero | Bib. Gregorio Torres Quintero | Colecciones especiales Planta alta | 04/06/2025 | CC135 C65 2002 | U14132 | 04/06/2025 | 04/06/2025 | Folleto |
